000 00410nam a2200145Ia 4500
003 OSt
005 20260119152431.0
008 211028s2013 xx 000 0 und d
040 _cAIMIT LIBRARY
041 _aeng
100 _aK, Sudeva; Kamath, T Ramesh.
_g1116162
_97102
245 _aAnalytical study on brand equity of ultratech cement /
260 _aMangalore
_bT Ramesh Kamath
_c2013
942 _2ddc
_cPRO
999 _c218672
_d218672